Handbook of extension education (Record no. 276)
[ view plain ]
| 000 -LEADER | |
|---|---|
| fixed length control field | 00544cam a2200229ua 4500 |
| 041 ## - LANGUAGE CODE | |
| Language code of text/sound track or separate title | eng |
| 082 ## - DEWEY DECIMAL CLASSIFICATION NUMBER | |
| Classification number | 380 |
| Item number | RAT/HA |
| 100 ## - MAIN ENTRY--AUTHOR NAME | |
| Personal name | Rathore, O S . |
| 245 ## - TITLE STATEMENT | |
| Title | Handbook of extension education |
| 250 ## - EDITION STATEMENT | |
| Edition statement | 1 / |
| 260 ## - PUBLICATION, DISTRIBUTION, ETC. (IMPRINT) | |
| Place of publication | Udaipur : |
| Name of publisher | Agrotech publishing academy , |
| Year of publication | 1999. |
| 300 ## - PHYSICAL DESCRIPTION | |
| Number of Pages | 128 ; . |
| 700 1# - ADDED ENTRY--PERSONAL NAME | |
| Personal name | Chauhan, M S . |
| 700 1# - ADDED ENTRY--PERSONAL NAME | |
| Personal name | Dhakar, S D . |
| 700 1# - ADDED ENTRY--PERSONAL NAME | |
| Personal name | Ojha, S N . |
| 942 ## - ADDED ENTRY ELEMENTS (KOHA) | |
| Koha item type | Books |
| Withdrawn status | Lost status | Damaged status | Home library | Current library | Date acquired | Full call number | Accession Number | Koha item type |
|---|---|---|---|---|---|---|---|---|
| KAUAET | KAUAET | 07/04/2012 | 380 | 20515 | Books | |||
| KAUAET | KAUAET | 07/04/2012 | 380 | 21608 | Books |
